| 000 | 01270nam a2200349Ia 4500 | ||
|---|---|---|---|
| 001 | dia_4902 | ||
| 003 | CHAP | ||
| 005 | 20231201110335.0 | ||
| 008 | 220117s1988 xx 000 0 und d | ||
| 010 | _a175700 | ||
| 020 | _a92-90-39-1472 | ||
| 040 | _cCHAP | ||
| 082 | _a634 H37 1988 | ||
| 100 |
_aHardenburg, Robert E. _952634 |
||
| 245 |
_aAlmacenamiento comercial de frutas, legumbres y existencias de floristerías y víveros / _c Robert E. Hardenburg, Alley E. Watada y Chien Yi Wang ; traducción Fernando Durán Ayanegui |
||
| 260 |
_aCosta Rica : _b IICA, _c1988 |
||
| 300 | _a150 p. | ||
| 440 |
_aColección Investigación y Desarrollo / Instituto Interamericano de Cooperación para la Agricultura ; 16 _9156999 |
||
| 503 | _aC/e | ||
| 504 | _aBibliografía: p. 122-150 | ||
| 650 |
_aFlores _xAlmacenamiento _941359 |
||
| 650 |
_aFrutas _xAlmacenamiento _9157000 |
||
| 650 |
_aHortalizas _xAlmacenamiento _9157001 |
||
| 650 |
_aViveros _9120096 |
||
| 700 |
_aDurán Ayanegui, Fernando, tr. _9157002 |
||
| 700 |
_aWang, Chen Yi, coaut. _9157003 |
||
| 700 |
_aWatada, Alley F., coaut. _9157004 |
||
| 901 | _a634 H37 1988 | ||
| 902 | _aM | ||
| 905 | _a5232271988 cr am 8222223322spa16 | ||
| 942 |
_cLIBRO _2ddc |
||
| 999 |
_c175700 _d175700 |
||